000 00648nam a22002177a 4500
003 UA-OsUOA
001 94836
007 ta
008 20130218b un ||||| |||| 00| 0 ukr d
090 _a821.161.1
_bД55
942 _cBK
040 _aUA-OsUOA
_brus
_cUA-OsUOA
_dUA-OsUOA
245 _aФ. М. Достоевский в портретах, иллюстрациях, документах
_cВ. Нечаевой
300 _a447 с.
955 _a3
041 _arus
080 _a821.161.1
260 _aМ.
_bПросвещение
_c1972
650 7 _a82 Література. Літературознавство
_2UDC
999 _c381086
_d381086